00922nam a2200241 a 450000100100000000500170001000800410002704000250006808200240009310000580011724500950017526000280027030000210029849000160031950000610033565000270039665000310042365000290045470000360048383000230051995201210054299900170066300004362920201002044904.0140331s1970 sp 000 0 spa d aDO-SdBNPbspacBNPHU a862.5a861.5bR618d1 aRivas, Ángel de SaavedracDuque ded1791-18659873810aDon Alvaro o la fuerza del sino :bRomances /cDuque de Rivas; prólogo Milagros F. Poza. aMadrid :bLibra,c1970. a177 p. ;c17 cm.1 aPurpurav26 aDos obras encuadernadas juntas con paginación continua 4aTeatro español93071 4aLiteratura española9632 4aPoesía española963112aPoza, Milagros F.eprol.913757 0aPurpuran26971462 001050718MOaGRbGRcCTd2014-04-01iLF1l0o862.5 861.5 R618dp43629-10r2020-06-25w2020-06-25y1ZNo se presta c43118d43118